[Event "Ruhrgebiet VK3 1213"]
[Site "Nordrheinwestfalen"]
[Date "2013.02.24"]
[Round "7.6"]
[White "Elsner, Mario"]
[Black "Ball, Joerg"]
[Result "0-1"]
[WhiteElo "1775"]
[BlackElo "1921"]
[PlyCount "50"]
[EventDate "2012.09.02"]
[EventType "team-tourn"]
[EventRounds "9"]
[EventCountry "GER"]
[SourceTitle "EXT 2020"]
[Source "ChessBase"]
[SourceDate "2019.10.17"]
[SourceVersion "1"]
[SourceVersionDate "2019.10.17"]
[SourceQuality "1"]
[WhiteTeam "Unser Fritz"]
[BlackTeam "Listiger Bauer Essen"]
[WhiteTeamCountry "GER"]
[BlackTeamCountry "GER"]

1. Nf3 f5 2. d3 d6 3. e4 e5 4. Nc3 Nf6 5. Bg5 Be7 6. exf5 Bxf5 7. d4 e4 8. Nh4 Be6 9. d5 Nxd5 10. Bxe7 Nxe7 11. Nxe4 h6 12. Qf3 Qd7 13. Qg3 0-0 14. 0-0-0 Nf5 15. Nxf5 Bxf5 16. Bc4+ Kh8 17. Rhe1 Na6 18. Qh4 Rae8 19. Ng3 Bg6 20. f4 b5 21. Be2 Qc6 22. f5 Bh7 23. Bd3 Nc5 24. Be2 Re5 25. f6 Nb3+ 0-1

[Event "Ruhrgebiet VK3 1213"]
[Site "Nordrheinwestfalen"]
[Date "2012.10.28"]
[Round "3"]
[White "Biermann, Klaus"]
[Black "Elsner, Mario"]
[Result "0-1"]
[WhiteElo "1924"]
[BlackElo "1775"]
[PlyCount "82"]
[EventDate "2012.09.02"]
[EventType "team-tourn"]
[EventRounds "9"]
[EventCountry "GER"]
[SourceTitle "EXT 2020"]
[Source "ChessBase"]
[SourceDate "2019.10.17"]
[SourceVersion "1"]
[SourceVersionDate "2019.10.17"]
[SourceQuality "1"]
[WhiteTeam "Essen Werden"]
[BlackTeam "Unser Fritz"]
[WhiteTeamCountry "GER"]
[BlackTeamCountry "GER"]

1. c4 g6 2. Nc3 Bg7 3. d3 e5 4. g3 Nf6 5. Bg2 c6 6. e4 0-0 7. Nge2 d6 8. 0-0 Be6 9. f4 Qb6+ 10. Kh1 Ng4 11. Qe1 a5 12. f5 Bd7 13. Ng1 Na6 14. h3 Nf6 15. g4 h6 16. Qe2 g5 17. Be3 Qd8 18. Rad1 c5 19. h4 Nh7 20. hxg5 hxg5 21. Nd5 f6 22. a3 b5 23. b4 axb4 24. axb4 Nxb4 25. Nxb4 cxb4 26. c5 dxc5 27. Bxc5 Rf7 28. Bxb4 Bf8 29. Bxf8 Nxf8 30. d4 Rh7+ 31. Bh3 exd4 32. Rxd4 Qb6 33. Rfd1 Bc6 34. Kh2 Ra3 35. Rd6 Nd7 36. Qb2 Qe3 37. Qxa3 Qxa3 38. Rxc6 Qb2+ 39. Kh1 Qb3 40. Rc8+ Nf8 41. Rxf8+ Kxf8 0-1